Library Banner

جدید فارسی شاعری (Record no. 79216)

MARC details
000 -LEADER
fixed length control field 00418nam a22001457a 4500
005 - DATE AND TIME OF LATEST TRANSACTION
control field 20151130120350.0
008 - FIXED-LENGTH DATA ELEMENTS--GENERAL INFORMATION
fixed length control field 151130b xxu||||| |||| 00| 0 eng d
040 ## - CATALOGING SOURCE
Transcribing agency PK-LaUMT
082 ## - DEWEY DECIMAL CLASSIFICATION NUMBER
Classification number MSC 491.4391
Item number FAK-J
100 ## - MAIN ENTRY--PERSONAL NAME
Personal name فخرالحق نوری، محمد
245 ## - TITLE STATEMENT
Title جدید فارسی شاعری
Statement of responsibility, etc محمد فخر الحق نوری
260 ## - PUBLICATION, DISTRIBUTION, ETC. (IMPRINT)
Place of publication, distribution, etc لاہور
Name of publisher, distributor, etc ماورا
Date of publication, distribution, etc 2010
300 ## - PHYSICAL DESCRIPTION
Extent 200 ص
942 ## - ADDED ENTRY ELEMENTS (KOHA)
Koha item type Books
Holdings
Withdrawn status Lost status Damaged status Home library Current library Date acquired Full call number Barcode Date last seen Price effective from Koha item type
      UMT Main Campus UMT Main Campus 2015-11-30 MSC 491.4391 FAK-J 95270 2015-11-30 2015-11-30 Books